00623nam a2200205Ia 4500003000400000005001700004008004100021020001500062040001800077041000800095082001900103100002600122245007600148250001200224260005500236300002900291650002900320650003000349650003800379OSt20260107110407.0210716s1998 xx 000 0 und d a8175151560 cAIMIT LIBRARY aeng a621.399 bKERI aKerlow, Isaac Victor. aArt of 3-D :bcomputer animation and imaging /cBy Isaac Victor Kerlow. a1st ed. aNew Delhi :bGalgotia Publication Pvt Ltd ,c1998. axx,412 p.;bPBc25.3 cm. a Bag of new magic tricks aBasic modeling techniques aOverview of the rendering process